Assam-muslim relation and its cultural significance (Record no. 63815)
[ view plain ]
| 000 -LEADER | |
|---|---|
| fixed length control field | 00506nam a2200169Ia 4500 |
| 001 - CONTROL NUMBER | |
| control field | 62708 |
| 008 - FIXED-LENGTH DATA ELEMENTS--GENERAL INFORMATION | |
| fixed length control field | 180125n ii |||gr||||Z||||||465 |
| 082 ## - DEWEY DECIMAL CLASSIFICATION NUMBER | |
| Classification number | 297.54162 |
| 100 ## - MAIN ENTRY--PERSONAL NAME | |
| Personal name | Saikia, Mohini Kumar, |
| Relator term | Author. |
| 245 #0 - TITLE STATEMENT | |
| Title | Assam-muslim relation and its cultural significance |
| Statement of responsibility, etc. | by Mohini Kumar Saikia |
| Medium | Textual Documents |
| 260 ## - PUBLICATION, DISTRIBUTION, ETC. | |
| Place of publication, distribution, etc. | Assam: |
| Name of publisher, distributor, etc. | Luit Printers. |
| 300 ## - PHYSICAL DESCRIPTION | |
| Extent | 311p: |
| Dimensions | 21cm. |
| 653 ## - INDEX TERM--UNCONTROLLED | |
| Uncontrolled term | Islamic study |
| 653 ## - INDEX TERM--UNCONTROLLED | |
| Uncontrolled term | Assam-muslim relation |
| 653 ## - INDEX TERM--UNCONTROLLED | |
| Uncontrolled term | Assam-muslim relation |
| 942 ## - ADDED ENTRY ELEMENTS (KOHA) | |
| Source of classification or shelving scheme | Dewey Decimal Classification |
| Koha item type | Books |
| Withdrawn status | Lost status | Damaged status | Not for loan | Collection | Home library | Current library | Shelving location | Date acquired | Cost, normal purchase price | Total checkouts | Full call number | Barcode | Date last seen | Copy number | Price effective from | Koha item type |
|---|---|---|---|---|---|---|---|---|---|---|---|---|---|---|---|---|
| Dr. Suryya Kumar Bhuyan Library | Dr. Suryya Kumar Bhuyan Library | 25/01/2018 | 100.00 | 297.54162 Sa 21 As | 3331/Gift | 14/01/2024 | 2 | 25/01/2018 | Books | |||||||
| Dr. Suryya Kumar Bhuyan Library | Dr. Suryya Kumar Bhuyan Library | 25/01/2018 | 100.00 | 297.54162 Sa 21 As | 023/Isl | 14/01/2024 | 1 | 25/01/2018 | Books |
